Obce okresu Karviná (ČR) - Statistics

General Stats
  • This quiz has been taken 111 times
  • The average score is 12 of 17
Answer Stats
Obyvatelé Obec % Correct
53 552 Karviná
97%
72 382 Havířov
93%
20 761 Bohumín
85%
29 108 Orlová
82%
24 599 Český Těšín
81%
7 189 Petřvald
79%
7 377 Rychvald
78%
4 227 Dětmarovice
76%
4 246 Těrlicko
69%
5 410 Petrovice u Karviné
64%
3 873 Albrechtice
61%
1 340 Chotěbuz
60%
5 216 Dolní Lutyně
58%
4 464 Horní Suchá
58%
1 851 Stonava
58%
1 201 Doubrava
45%
2 385 Horní Bludovice
34%
No matching quizzes found
Score Distribution
Percent of People with Each Score
Percentile by Number Answered
Your Score History
You have not taken this quiz